Normal view
MARC view
Entry Topical Term
001 - CONTROL NUMBER
- control field: 35349
003 - CONTROL NUMBER IDENTIFIER
- control field: ARRUPE
005 - DATE AND TIME OF LATEST TRANSACTION
- control field: 20170829113836.0
008 - FIXED-LENGTH DATA ELEMENTS
- fixed length control field: 170829|| aca||aabn | a|a d
040 ## - CATALOGING SOURCE
- Original cataloging agency: ARRUPE
- Transcribing agency: ARRUPE
150 ## - HEADING--TOPICAL TERM
- Topical term or geographic name as entry element: Middle-aged persons
- General subdivision: Psychology
670 ## - SOURCE DATA FOUND
- Source citation: Work cat.: (ARRUPE)0: Buford, Bob, author. 35348, Halftime :, 2008